000 00368nam a22001577a 4500
005 20200531143920.0
008 200531b xxu||||| |||| 00| 0 eng d
041 _aeng
082 _a340
100 _aBARE ACT
_95744
245 _aTHE FOREIGN TRADE ACT, 1992
260 _aDELHI
_bPROFESSIONAL BOOK PUBLISHERS
300 _a44;p
650 _aLAW
_95701
942 _cBK
999 _c6715
_d6713